Medzinárodné účtovné štandardy: Účtovníctvo vo svete. Vydanie štandardu amerického štandardu SFAS 156

Americká Rada pre štandardy finančných aktív vydala štandard SFAS 156, ktorý upravuje problematiku účtovania, oceňovania a vykazovania vzťahov súvisiacich so správou finančných aktív.

Gespeichert in:
Bibliographische Detailangaben
1. Verfasser: Tumpach, Miloš, 1970-
Format: Buchkapitel
Sprache:Slowakisch
Schlagworte:
Tags: Tag hinzufügen
Keine Tags, Fügen Sie das erste Tag hinzu!

MARC

LEADER 00000nla$a2200000$$$4500
001 0045699
005 20240502071528.7
041 0 |a slo 
044 |a SK 
245 1 0 |a Medzinárodné účtovné štandardy: Účtovníctvo vo svete. Vydanie štandardu amerického štandardu SFAS 156  |c Miloš Tumpach 
520 |a Americká Rada pre štandardy finančných aktív vydala štandard SFAS 156, ktorý upravuje problematiku účtovania, oceňovania a vykazovania vzťahov súvisiacich so správou finančných aktív. 
610 2 0 |a štandardy účtovné medzinárodné 
610 2 0 |a USA 
610 2 0 |a aktíva 
100 1 |a Tumpach, Miloš, 1970-